| 000 | 00489nam a22001817a 4500 | ||
|---|---|---|---|
| 005 | 20260323125849.0 | ||
| 008 | 260323b |||||||| |||| 00| 0 eng d | ||
| 037 | _cDSWL | ||
| 040 |
_aDSWL _cDSWL |
||
| 041 | _heng | ||
| 100 |
_aMenkes, Justin _91137610 |
||
| 245 | _aBetter Under Pressure | ||
| 260 |
_aBoston, _bHarvard Business Press, _c2011 |
||
| 300 | _a191p | ||
| 365 |
_aUSD _b29.95 |
||
| 942 |
_2CC _cTEXL _n0 |
||
| 999 |
_c1726396 _d1726396 |
||